De mi tierra y de Francia
Saved in:
| Hovedforfatter: | |
|---|---|
| Format: | Bog |
| Sprog: | spansk |
| Udgivet: |
Santiago
Ercilla
1932
|
| Udgivelse: | 1a. ed |
| Serier: | Contemporáneos, 3
|
| Fag: | |
| Tags: |
Tilføj Tag
Ingen Tags, Vær først til at tagge denne postø!
|
MARC
| LEADER | 00000cam a2200000 a 4500 | ||
|---|---|---|---|
| 001 | UCJ3677 | ||
| 003 | CL-VaPUC | ||
| 008 | 070124e19320000CL |||||||||||||||||spa|d | ||
| 082 | 0 | 4 | |a 910.4 |b BAL |2 21 |
| 100 | 0 | |a Balmaceda Valdés, Eduardo |e author |9 505894 | |
| 245 | 1 | 0 | |a De mi tierra y de Francia |
| 250 | |a 1a. ed | ||
| 300 | |a 432 p | ||
| 942 | |c BK | ||
| 945 | |d 20070124 00:00:00 |a rinostro | ||
| 260 | |a Santiago |b Ercilla |c 1932 | ||
| 500 | |a Fotografías | ||
| 650 | 0 | |a Viajes |9 257115 | |
| 650 | 0 | |a Diplomacia |9 256483 | |
| 650 | 0 | |a Relaciones Internacionales |9 255740 | |
| 650 | 0 | |a Vida social |9 337244 | |
| 650 | 0 | |a Inmigración |9 268290 | |
| 583 | |a last modification |c 20150406 12:46:19 |k Rodrigo Vera | ||
| 490 | 0 | |a Contemporáneos, 3 | |
| 999 | |c 319799 |d 319797 | ||
| 952 | |0 0 |1 0 |4 0 |6 910_400000000000000_BAL_1932 |7 0 |8 X |9 398177 |a FDOBUD |b FDOBUD |d 2019-11-22 |i 1006673 |o 910.4 BAL 1932 |p 1006673 |r 2019-11-22 |w 2019-11-22 |y BK_X |k BUD | ||
| 952 | |0 0 |1 0 |3 erd |4 0 |6 910_400000000000000_BAL_1932 |7 0 |8 X |9 398178 |a FDOBUD |b FDOBUD |i 5158184 |o 910.4 BAL 1932 |p 5158184 |r 2019-11-22 |w 2019-11-22 |y BK_X |z Catalogado en:20150409 |k BUD | ||